| 000 | 01034nam a2200205Ia 4500 | ||
|---|---|---|---|
| 003 | Ost | ||
| 005 | 20260507075551.0 | ||
| 008 | 260507s9999||||xx |||||||||||||| ||und|| | ||
| 040 | _cfsecg | ||
| 041 | _aara | ||
| 082 | _a336.27 | ||
| 100 |
_aدرويش، محمد كامل _eمؤلف |
||
| 245 | 0 |
_aضريبة القيمة المضافة : _bخطوة أساسية لمواكبة الإقتصاد العالمي / _c محمد كامل درويش |
|
| 260 |
_a[دون مكان]: _b[دون ناشر], _c[دون تاريخ] |
||
| 300 |
_a206 صفحة؛ _bإيضاحات ؛ _c24 سم |
||
| 520 | _aضريبة القيمة المضافة خطوة أساسية لمواكبة الإقتصاد العالمي- اتفاق الشراكة الأروربية تحقيق المنافسة في الإقتصاد العالمي- الإتفاقية العامة لتجارة الخدمات (الجات). | ||
| 653 | _aالإقتصاد العالمي- الضرائب | ||
| 653 | _aالضرائب- القيمة المضافة | ||
| 942 | _cكتاب | ||
| 999 |
_c44920 _d44920 |
||